Lokale Netze Grundlagen - Standards - Perspektiven

Enregistré dans:
Détails bibliographiques
Auteur principal: Kauffels, Franz-Joachim
Format: Livre
Langue:allemand
Publié: Haar bei München Markt und Technik 1994
Édition:1. Aufl.
Sujets:
Tags: Ajouter un tag
Pas de tags, Soyez le premier à ajouter un tag!

MARC

LEADER 00000nam a2200000 4500
001 c010337
005 20221205140739.8
020 |a 3-87791-568-X 
041 0 |a ger 
044 |a DE 
245 1 0 |a Lokale Netze  |b Grundlagen - Standards - Perspektiven  |c Franz-Joachim Kauffels 
250 |a 1. Aufl. 
264 1 |a Haar bei München  |b Markt und Technik  |c 1994 
300 |a 596 s. 
610 2 0 |a siete počítačové 
610 2 0 |a spracovanie dát 
610 2 0 |a prenos dát 
610 2 0 |a technika 
610 2 0 |a spoje 
610 2 0 |a systémy počítačové 
610 2 0 |a počítače osobné 
100 1 |a Kauffels, Franz-Joachim